00484nam a2200133 a 450000100100000000500170001000800410002704000250006810000190009324500570011226000930016930000210026271000670028300001769220260219150429.0100330s1957 dr 000 0 spa d aDO-SdBNPbspacBNPHU1 aCandido, Italo10aComo injertar naranjos y limoneros /cItalo Candido. aCiudad Trujillo, República Dominicana :bSecretaría de Estado de Agricultura,c1957. a19 p. ;c23 cm . aSecretaría de Estado de Agricultura (República Dominicana)